Cooperazione giudiziaria ed efficacia delle sentenze problematiche di diritto internazionale ed europeo

Bibliographic Details
Main Author: Carella, Gabriella
Format: eBook
Language:Italian
Published: Bari : Cacucci Editore, 2007
Subjects:
Online Access:http://www.vlex.com/source/6789

MARC

LEADER 00000nam a22000007a 4500
005 20130215130851.0
007 cr|||| ||||
008 130215e2007 it |||||s|||| 00| 0 ita d
020 |a 8884226066 
035 |a 6789 
040 |a vLex 
090 |c 3658  |d 3658 
100 1 0 |a Carella, Gabriella 
245 1 0 |a Cooperazione giudiziaria ed efficacia delle sentenze  |b problematiche di diritto internazionale ed europeo  |h [Recurso electrn̤ico]  
256 |a servicio en ln̕ea 
260 |a Bari :  |b Cacucci Editore,   |c 2007  
300 |a 1 Recurso electrn̤ico 
650 0 4 |a Derecho comunitario 
740 |a vLex Libros (Servicio en ln̕ea) 
856 |a Acceso restringido  |u http://www.vlex.com/source/6789 
942 |c BOOK 
999 0 |a European Union